Optické vlákna pre rýchle optické komunikačné systémy

Saved in:
Bibliographic Details
Main Author: Špalek, Viktor (Author)
Other Authors: Chovan, Jozef, 1974- (Thesis advisor), Uherek, František, 1954- (Thesis advisor)
Format: Manuscript Book
Language:Slovak
Published: Bratislava : STU v Bratislave FEI, 2009
Subjects:
Tags: Add Tag
No Tags, Be the first to tag this record!

MARC

LEADER 00000ntm a22000003a 4500
001 stu195318
005 20160719165106.7
008 091102s2006------------------------slo-d
040 |a STU  |b slo 
041 0 |a slo 
100 1 |a Špalek, Viktor  |4 aut 
245 1 |a Optické vlákna pre rýchle optické komunikačné systémy 
260 |a Bratislava :  |b STU v Bratislave FEI,  |c 2009 
300 |a 57 s 
650 7 |a elektronika  |2 stusub 
650 7 |a Mikroelektronika  |2 stusub 
650 7 |a optické vlákna  |2 stusub 
650 7 |a komunikačné systémy  |2 stusub 
700 1 |a Chovan, Jozef,  |d 1974-  |4 ths  |u R  |U Rektorát STU  |T Rektorát STU  |X 3860  |U R  |Y 90  |7 A000003860 
700 1 |a Uherek, František,  |d 1954-  |4 ths  |u E030  |U FEI Fakulta elektrotechniky a informatiky  |T FEI Ústav elektroniky a fotoniky  |X 1937  |U E030  |Y 549  |7 A000001937